000 01387 a2200265 4500
001 28253
005 20260407155555.0
008 260407a2014 arg spa d
003 AR-UNSa-BCEJYS
040 _aAR-UNSa-BCEJYS
_bspa
_cAR-UNSa-BCEJYS
080 _a336.27
_xPréstamo público. Endeudamiento del Estado. Deuda pública
245 1 0 _aLa crisis latinoamericana de la deuda desde la perspectiva histórica
020 _a978-92-1-221123-7
264 1 _aSantiago de Chile :
_bCEPAL (Comisión Económica para América Latina y el Caribe)
_c2014
300 _a168 p.
_c22 cm.
505 _a1. La crisis latinoamericana de la deuda a la luz de la historia - 2. La economía política de las negociaciones de la deuda: América Latina en la década de los ochenta - 3. De bonos Brady a bonos globales: el acceso de América Latina y el Caribe a los mercados internacionales desde la década de 1980 - 4. Las perspectivas de América Latina en materia de endeudamiento externo
942 _cBK
590 _aniveau_biblio:m niveau_hierar:0
100 1 _aOcampo, José Antonio
700 1 _aStallings, Bárbara
700 1 _aBustillo, Inés
700 1 _aVelloso, Helvia
700 1 _aFrenkel, Roberto
856 4 1 _uhttps://biblioeco.unsa.edu.ar/pmb/images/libros/La crisis latinoamericana de la deuda desde la perspectiva historica-l125001.jpg
_yImagen de portada
_qimage/jpeg
999 _c1684
_d1684